000 00276nam a2200109Ia 4500
001 588739
005 20250717120837.0
008 250717s9999 xx 000 0 und d
245 0 _aZ-1 İSTİKLAL MARŞI YAZILIYOR
_cSEMA DEVİR
260 _bERDEM YAYINLARI
_c2018
300 _b96
999 _c588739
_d588739